| 000 | 00973cam a2200253 a 4500 | ||
|---|---|---|---|
| 020 | _a0452274141 | ||
| 020 | _a0525939822 (hard) | ||
| 040 | _cDLC | ||
| 082 | 0 | 0 | _a615 PG 1997 C141 Or. |
| 100 | 1 | _aColborn, Theo. | |
| 245 | 1 | 0 |
_aOur stolen future : _bare we threatening our fertility, intelligence, and survival? : a scientific detective story : with a new epilogue by the authors / |
| 260 |
_aNew York : _bPenguin Group, _cc1997. |
||
| 300 |
_axx, 316 p. : _bill. ; _c21 cm. |
||
| 500 | _a"A Plume book." | ||
| 500 | _aOriginally published: New York : Dutton, 1996. | ||
| 650 | 0 | _aReproductive toxicology. | |
| 650 | 0 | _aEnvironmental health. | |
| 700 | 1 | _aDumanoski, Dianne. | |
| 700 | 1 | _aMyers, John Peterson. | |
| 856 | 4 | 2 | _uhttp://www.loc.gov/catdir/enhancements/fy1207/97159794-d.html |
| 856 | 4 | 1 | _uhttp://www.loc.gov/catdir/enhancements/fy1207/97159794-t.html |
| 856 | 4 | 2 | _uhttps://www.loc.gov/catdir/enhancements/fy1701/97159794-b.html |
| 942 | _cAEDBB | ||
| 999 |
_c18281 _d18281 |
||